000
00511nam a2200181Ia 4500
008
100917s9999 xx 000 0 und d
082
_b
8680
100
_a
फाटक अनंत
245
_a
नाती दोन दिसांची
260
_b
---
300
_a
132
365
_b
5
520
_a
कादंबरी
630
_a
नाती दोन दिसांची
650
_a
कादंबरी
730
_a
नाती दोन दिसांची
942
_c
BOOK
999
_c
614074
_d
614071